Aktivity mimovládnych organizácií a rozvojová pomoc

Bibliographic Details
Main Author: Vajdová, Katarína (Author)
Format: Article
Language:Slovak
PhysicalDescription:Príl., tb.
ISBN:8096918648
Subjects:

MARC

LEADER 00000nab a2200000 ar4500
001 vtls009479212
003 SK-MaSNL
005 20260426085050.0
008 250506c2005 xo |||||||||||000 b|slo
015 |a SNBRA2009/03  |2 snkbucl 
035 |a (uuid)03c4056e-0f8a-477a-9048-ce108004c763 
035 |a urn:nbn:sk:snk-abacup 
035 |a (urnnbn)urn:nbn:sk:snk:ar-006mos 
038 |a SNKBUCL 
040 |a SNKBUCL  |b slo  |c SNKBUCL  |e AACR2 
041 0 |a slo 
044 |a xo  |c SK 
080 |a 334.012.46  |x (437.6)  |x "2004"  |2 2001 
080 |a 061.22  |x (437.6)  |2 2001 
080 |a 364.4  |2 2001 
080 |a 339.96  |2 2001 
100 1 |a Vajdová, Katarína  |4 aut  |9 980180 
245 1 0 |a Aktivity mimovládnych organizácií a rozvojová pomoc  |c Katarína Vajdová 
300 |b Príl., tb. 
500 |a Poznámky pod čiarou 
504 |a Bibliogr. odkazy 
648 7 |a 2004  |2 snkbucl  |9 303492 
650 0 7 |a rozvojová pomoc  |2 snkbucl  |9 2353 
650 0 7 |a mimovládne organizácie  |2 snkbucl  |9 194400 
650 0 7 |a projekty  |2 snkbucl  |9 18866 
651 7 |a Slovensko  |2 snkbucl  |9 14231 
773 0 |t Ročenka zahraničnej politiky Slovenskej republiky 2004  |d Bratislava : Výskumné centrum pre zahraničnú politiku, 2005,  |g S. 117-129  |z 8096918648 
850 |a Slovenská národná knižnica 
852 |a Slovenská národná knižnica 
954 |a odborná, vedecká literatúra pôvodná (slovenská)  |2 lita 
958 |a article14 
958 |a OND 
958 |a SK 
958 |a NB 
958 |a EUIPO 
999 |c 2952347  |d 2954277